000 00571nam a2200157Ia 4500
008 081213s9999 xx 000 0 und d
050 _aBX8379
_b.P4W55 1971
100 _aWilkson, John T.
245 _aArthur Samuel:
_ba biography/
_cJohn T. Wilkinson
260 _c1971
_aLondon
_bEpwort press
300 _ax,206 p.;
_c23 cm.
500 _aincludes bibliography
650 _2Peake, Authur s. (Arthnur Samuel)
_y1865-1929
942 _cBK
_2lcc
999 _c22003
_d22003